[Event "Mittelrhein Verbandsliga-S 18/19"]
[Site "Nordrheinwestfalen"]
[Date "2019.05.05"]
[Round "10.3"]
[White "Hemmert, Burghard"]
[Black "Herborth, Manfred"]
[Result "1-0"]
[WhiteElo "1979"]
[BlackElo "1762"]
[PlyCount "79"]
[EventDate "2018.09.02"]
[EventType "team-tourn"]
[EventRounds "11"]
[EventCountry "GER"]
[SourceTitle "EXT 2022"]
[Source "ChessBase"]
[SourceDate "2021.10.06"]
[SourceVersion "1"]
[SourceVersionDate "2021.10.06"]
[SourceQuality "1"]
[WhiteTeam "Siebengebirge"]
[BlackTeam "Koeln Lasker III"]
[WhiteTeamCountry "GER"]
[BlackTeamCountry "GER"]

1. e4 d6 2. d4 Nf6 3. Nc3 Nbd7 4. f4 e5 5. Nf3 exd4 6. Qxd4 c6 7. Bc4 Be7 8. e5 dxe5 9. fxe5 Bc5 10. Qf4 Qe7 11. Kd1 Nh5 12. Qe4 Nb6 13. Bd3 f5 14. exf6 Nxf6 15. Qxe7+ Bxe7 16. Re1 Bg4 17. Bf4 Kf7 18. Kd2 Bxf3 19. gxf3 Rad8 20. Ke2 Nfd5 21. Nxd5 Rxd5 22. Be4 Rd7 23. Rad1 Rhd8 24. Rxd7 Rxd7 25. Bxh7 Nd5 26. Be5 Bf6 27. Bxf6 Kxf6 28. Bd3 g5 29. Rh1 Ke5 30. h4 Nf4+ 31. Kd2 Nxd3 32. cxd3 Rh7 33. Re1+ Kf4 34. hxg5 Kxf3 35. g6 Rg7 36. Rf1+ Kg4 37. Rf7 Rxg6 38. Rxb7 a5 39. Rb6 Kf3 40. Ra6 1-0